Formulación del proyecto para definir la factibilidad técnica - económica de una planta para la producción de amoniaco - Urea en Nicaragua para cubrir el mercado Centroamericano.
Se presenta análisis y proyección de mercado de urea en Centroamérica, al mismo tiempo describe los principales aspectos de las tecnologías disponibles para la producción de amoniaco, presenta análisis de distribución, logística, costos y determina indicadores de factibilidad financiera....
| Main Author: | |
|---|---|
| Other Authors: | |
| Format: | Tesis Section = Libro |
| Language: | Undetermined Spanish |
| Published: |
Managua
UNI
2012
|
| Subjects: |
| LEADER | 01330nam a2200265Ia 4500 | ||
|---|---|---|---|
| 008 | 240830s9999 xx 000 0 und d | ||
| 040 | |a BIBLIOTECA-RUSB/ M.Mon 658.404 A472 | ||
| 041 | |a spa | ||
| 082 | |a M.Mon 658.404 A472 | ||
| 100 | 1 | |a Alvarado Rivas, Noel Ulises | |
| 245 | 1 | 0 | |a Formulación del proyecto para definir la factibilidad técnica - económica de una planta para la producción de amoniaco - Urea en Nicaragua para cubrir el mercado Centroamericano. |
| 260 | |a Managua |b UNI |c 2012 | ||
| 300 | |a 251 p. :il. | ||
| 500 | |a Contiene: anexos e Incluye: CD. | ||
| 502 | |a Tesis (Máster en Gerencia de Proyectos de Desarrollo) - UNI, 2012. | ||
| 520 | 3 | |a Se presenta análisis y proyección de mercado de urea en Centroamérica, al mismo tiempo describe los principales aspectos de las tecnologías disponibles para la producción de amoniaco, presenta análisis de distribución, logística, costos y determina indicadores de factibilidad financiera. | |
| 650 | 7 | |a ADMINISTRACION DE PROYECTOS - AGRICOLA | |
| 650 | 7 | |b ESTUDIO DE MERCADO - UREA | |
| 650 | 7 | |c PRODUCCION - AMONIACO - UREA - NICARAGUA | |
| 650 | 7 | |d PROYECTOS DE DESARROLLO ECONÓMICO | |
| 650 | 7 | |e ANÁLISIS FINANCIERO | |
| 700 | 1 | |a Tutor: |b Zúñiga Morales, Gonzalo de Jesús | |
| 942 | |c BK |2 ddc | ||
| 991 | |a TESIS | ||
| 999 | |c 19428 | ||